Greek ostraka : a catalogue of the collection of Greek ostraka in the National Museum of Antiquities at Leiden : with a chapter on the Greek ostraka in the Papyrological Institute of the University of Leiden /

محفوظ في:

المؤلف الرئيسي: Bagnall, Roger S.

مؤلفون آخرون: Sijpesteijn, P. J., Worp, K. A. (Klaas Anthony)

التنسيق: كتاب

اللغة: English

منشور في: Zutphen, Holland : Terra Pub. Co., 1980.

سلاسل: Collections of the National Museum of Antiquities at Leiden ; 4.

الموضوعات:

الوسوم: إضافة وسم

لا توجد وسوم, كن أول من يضع وسما على هذه التسجيلة!

رقم الطلب: PA3309 .G73 v.1-2

LEADER 01105nam a22002777a 4500
003 OSt
005 20250929074806.0
008 250929s1980 ne 000 0 eng u
020 |a 9062550347 (text)  
020 |a 9062550487 (plates) 
040 |c ARCE Library 
050 1 4 |a PA3309  |b .G73 v.1-2 
100 1 |a Bagnall, Roger S. 
245 1 0 |a Greek ostraka :   |b a catalogue of the collection of Greek ostraka in the National Museum of Antiquities at Leiden : with a chapter on the Greek ostraka in the Papyrological Institute of the University of Leiden /   |c Roger S. Bagnall, P.J. Sijpesteijn, K.A. Worp. 
264 1 |a Zutphen, Holland :   |b Terra Pub. Co.,   |c 1980. 
300 |a 2 v. (xii, 233 p., 100 p. of plates) :   |b ill. ;   |c 29 cm. 
490 0 |a Collections of the National Museum of Antiquities at Leiden ;   |v 4. 
500 |a Vol. 2 contains plates. 
500 |a Includes indexes. 
505 0 |a [v. 1]. Text -- [v. 2.]. Plates. 
650 0 |a Ostraka -- Catalogs. 
700 1 |a Sijpesteijn, P. J.  
700 1 |a Worp, K. A. (Klaas Anthony) 
901 |a reviewed 
942 |2 lcc  |c BK 
999 |c 49461  |d 49461